Statistics for 50 Random Countries Of The World Quiz

Click here to take the quiz!

General Stats

  • This quiz has been taken 490 times
  • The average score is 41 of 50

Answers on the Map

Answers color-coded by a green-red scale on the quiz's map according to % correct below.
 

Answer Stats

Country% Correct
Canada
100%
Russia
100%
United States
100%
Australia
96%
Brazil
96%
Chile
96%
China
96%
Egypt
96%
Italy
96%
Denmark
95%
India
95%
Iran
95%
Niger
95%
Portugal
95%
Sweden
95%
Mexico
94%
Peru
94%
Argentina
92%
Iceland
92%
Colombia
91%
Chad
90%
Iraq
89%
Madagascar
89%
Nepal
89%
Spain
89%
United Kingdom
89%
Germany
88%
Indonesia
88%
Ivory Coast
88%
Japan
88%
South Korea
88%
Ukraine
88%
Vietnam
88%
Vanuatu
87%
Estonia
86%
Greece
86%
Ireland
86%
Norway
86%
Paraguay
86%
Uruguay
86%
Algeria
85%
Azerbaijan
85%
France
85%
Kazakhstan
85%
Kosovo
85%
New Zealand
84%
Croatia
83%
Czech Republic
83%
Hungary
83%
Moldova
83%
Pakistan
83%
Zimbabwe
83%
Haiti
82%
Sri Lanka
82%
Tuvalu
82%
Dominican Republic
81%
Jamaica
81%
Philippines
81%
Turkey
81%
Venezuela
81%
Bangladesh
80%
Lithuania
80%
Malaysia
80%
Poland
80%
Republic of the Congo
80%
Romania
80%
South Sudan
80%
Sudan
80%
Syria
80%
Belgium
79%
Botswana
79%
Malta
79%
Bahamas
78%
Cameroon
78%
Guinea
78%
Mongolia
78%
South Africa
78%
Burkina Faso
77%
Finland
77%
Kyrgyzstan
77%
Tunisia
77%
Georgia
76%
Ghana
76%
Tanzania
76%
Bulgaria
75%
Ecuador
75%
Kuwait
75%
Morocco
75%
Papua New Guinea
75%
Suriname
75%
Austria
74%
Bolivia
74%
Mauritania
74%
Serbia
74%
Slovenia
74%
Cuba
73%
Democratic Republic
of the Congo
73%
El Salvador
73%
Maldives
73%
Saudi Arabia
73%
Slovakia
73%
Switzerland
73%
Bosnia and
Herzegovina
72%
Central African Republic
72%
Cyprus
72%
Libya
72%
Mauritius
72%
Montenegro
72%
Palau
72%
Solomon Islands
72%
Comoros
71%
Equatorial Guinea
71%
Eswatini
71%
Federated States of
Micronesia
71%
Laos
71%
Latvia
71%
Mali
71%
Oman
71%
Qatar
71%
Taiwan
71%
United Arab Emirates
71%
Yemen
71%
Angola
70%
Belarus
70%
Belize
70%
Benin
70%
Djibouti
70%
Panama
70%
Guatemala
69%
Guyana
69%
Kenya
69%
Cambodia
68%
Honduras
68%
Lesotho
68%
Liberia
68%
Nauru
68%
Togo
68%
Eritrea
67%
Ethiopia
67%
Gambia
67%
Marshall Islands
67%
Netherlands
67%
Nigeria
67%
Rwanda
67%
São Tomé and Príncipe
67%
Thailand
67%
Costa Rica
65%
Gabon
65%
Namibia
65%
North Korea
65%
Senegal
65%
Turkmenistan
65%
Uganda
65%
Albania
64%
Fiji
64%
Kiribati
64%
Lebanon
64%
Zambia
64%
Mozambique
63%
Myanmar
63%
Seychelles
63%
Somalia
63%
Uzbekistan
63%
Burundi
62%
Malawi
62%
Tajikistan
62%
Cape Verde
60%
Singapore
60%
Sierra Leone
59%
Armenia
58%
Saint Vincent and the
Grenadines
58%
Brunei
57%
East Timor
57%
Guinea-Bissau
57%
Samoa
57%
Jordan
56%
Nicaragua
56%
North Macedonia
56%
Afghanistan
55%
Tonga
54%
Bhutan
53%
Israel
52%
Luxembourg
52%
Andorra
50%
Trinidad and Tobago
50%
Saint Lucia
48%
Bahrain
45%
Dominica
44%
Liechtenstein
43%
Barbados
38%
Antigua and Barbuda
37%
Saint Kitts and Nevis
36%
Grenada
32%
Vatican City
27%
Monaco
25%
San Marino
22%

Score Distribution

Percentile by Number Answered

Percent of People with Each Score

Your Score History

You have not taken this quiz